Terrorism and homeland security : (Record no. 13814)

000 -LEADER
fixed length control field 02937cam a2200409 a 4500
001 - CONTROL NUMBER
control field 15106626
005 - DATE AND TIME OF LATEST TRANSACTION
control field 20170105102839.0
008 - FIXED-LENGTH DATA ELEMENTS--GENERAL INFORMATION
fixed length control field 071207s2008 flua b 001 0 eng
010 ## - LIBRARY OF CONGRESS CONTROL NUMBER
LC control number 2007050385
015 ## - NATIONAL BIBLIOGRAPHY NUMBER
National bibliography number GBA825574
Source bnb
016 7# - NATIONAL BIBLIOGRAPHIC AGENCY CONTROL NUMBER
Record control number 014537401
Source Uk
020 ## - INTERNATIONAL STANDARD BOOK NUMBER
International Standard Book Number 9781420077735 (alk. paper)
020 ## - INTERNATIONAL STANDARD BOOK NUMBER
International Standard Book Number 1420077732 (alk. paper)
035 ## - SYSTEM CONTROL NUMBER
System control number (OCoLC)ocn183879763
035 ## - SYSTEM CONTROL NUMBER
System control number (OCoLC)183879763
Canceled/invalid control number (OCoLC)183259087
040 ## - CATALOGING SOURCE
Original cataloging agency DLC
Transcribing agency DLC
Modifying agency BAKER
-- YDXCP
-- UKM
-- BTCTA
-- C#P
-- BWX
-- CDX
-- DLC
043 ## - GEOGRAPHIC AREA CODE
Geographic area code n-us---
050 00 - LIBRARY OF CONGRESS CALL NUMBER
Classification number HV6432
Item number .T4453 2008
082 00 - DEWEY DECIMAL CLASSIFICATION NUMBER
Classification number 363.325
Edition number 22
245 00 - TITLE STATEMENT
Title Terrorism and homeland security :
Remainder of title thinking strategically about policy /
Statement of responsibility, etc. edited by Paul R. Viotti, Michael A. Opheim, Nicholas Bowen.
260 ## - PUBLICATION, DISTRIBUTION, ETC.
Place of publication, distribution, etc. Boca Raton :
Name of publisher, distributor, etc. CRC Press/Taylor & Francis Group,
Date of publication, distribution, etc. c2008.
300 ## - PHYSICAL DESCRIPTION
Extent xxvi, 325 p. :
Other physical details ill. ;
Dimensions 24 cm.
504 ## - BIBLIOGRAPHY, ETC. NOTE
Bibliography, etc. note Includes bibliographical references (p. 275-289) and index.
505 0# - FORMATTED CONTENTS NOTE
Formatted contents note Toward a comprehensive strategy for terrorism and homeland security / Paul R. Viotti -- The search for national and homeland security : an integrated grand strategy / Robert H. Dorff -- Assured vulnerability : homeland security and the cold war legacy of defenselessness / David Goldfischer -- Terrorism and deterrence by denial / James M. Smith and Brent J. Talbot -- The importance of multinational and transnational cooperation strategies for homeland security / Veronica M. Kitchen and Gregory J. Moore -- WMD terrorism : new threats, revised responses / Jeffrey A. Larsen and James J. Wirtz -- Nuclear and radioactive threats to homeland security : prevention and response / Fred L. Wehling and Jeremy Tamsett -- Comparative risk analysis : biological terrorism, pandemics, and other "forgotten" catastrophic disaster threats / Terrence M. O'Sullivan -- Homeland security strategy and policy choices : a local government perspective / Greg Moser -- Democracy, civil society and the damage-limitation component of strategy / Alexander C. Diener and Timothy W. Crawford -- Transportation as a component of homeland security strategy / Joseph S. Szyliowicz -- Redefining U.S. energy security in the twenty-first century / Kevin King -- Afterword: terrorism and securing the homeland / Michael A. Opheim and Nicholas H. Bowen.
650 #0 - SUBJECT ADDED ENTRY--TOPICAL TERM
Topical term or geographic name entry element Terrorism
Geographic subdivision United States
General subdivision Prevention.
650 #0 - SUBJECT ADDED ENTRY--TOPICAL TERM
Topical term or geographic name entry element Terrorism
General subdivision Government policy
Geographic subdivision United States.
650 #0 - SUBJECT ADDED ENTRY--TOPICAL TERM
Topical term or geographic name entry element Weapons of mass destruction
General subdivision Government policy
Geographic subdivision United States.
650 #0 - SUBJECT ADDED ENTRY--TOPICAL TERM
Topical term or geographic name entry element Internal security
Geographic subdivision United States.
650 #0 - SUBJECT ADDED ENTRY--TOPICAL TERM
Topical term or geographic name entry element Civil defense
Geographic subdivision United States.
700 1# - ADDED ENTRY--PERSONAL NAME
Personal name Viotti, Paul R.
700 1# - ADDED ENTRY--PERSONAL NAME
Personal name Opheim, Michael A.,
Dates associated with a name 1968-
700 1# - ADDED ENTRY--PERSONAL NAME
Personal name Bowen, Nicholas,
Dates associated with a name 1979-
856 41 - ELECTRONIC LOCATION AND ACCESS
Materials specified Table of contents only
Uniform Resource Identifier <a href="http://www.loc.gov/catdir/toc/ecip086/2007050385.html">http://www.loc.gov/catdir/toc/ecip086/2007050385.html</a>
906 ## - LOCAL DATA ELEMENT F, LDF (RLIN)
a 7
b cbc
c orignew
d 1
e ecip
f 20
g y-gencatlg
942 ## - ADDED ENTRY ELEMENTS (KOHA)
Source of classification or shelving scheme
Koha item type Book
Holdings
Withdrawn status Lost status Damaged status Not for loan Collection code Permanent Location Current Location Shelving location Date acquired Total Checkouts Full call number Barcode Date last seen Price effective from Koha item type
          Centre for International Peace & Stability (CIPS) Centre for International Peace & Stability (CIPS) General Stacks 08/01/2013   363.325 TER2008 CIPS0000145 08/02/2013 08/02/2013 Book
© 2023 Central Library, National University of Sciences and Technology. All Rights Reserved.